Educational research : (Record no. 15338)
[ view plain ]
| 000 -LEADER | |
|---|---|
| fixed length control field | 01912cam a2200301 a 4500 |
| 001 - CONTROL NUMBER | |
| control field | 14786319 |
| 005 - DATE AND TIME OF LATEST TRANSACTION | |
| control field | 20180508201614.0 |
| 008 - FIXED-LENGTH DATA ELEMENTS--GENERAL INFORMATION | |
| fixed length control field | 070327s2008 njua b 001 0 eng |
| 010 ## - LIBRARY OF CONGRESS CONTROL NUMBER | |
| LC control number | 2007013087 |
| 020 ## - INTERNATIONAL STANDARD BOOK NUMBER | |
| International Standard Book Number | 9780136135500 (casebound) |
| 020 ## - INTERNATIONAL STANDARD BOOK NUMBER | |
| International Standard Book Number | 0136135501 (casebound) |
| 035 ## - SYSTEM CONTROL NUMBER | |
| System control number | (OCoLC)ocn122261917 |
| 035 ## - SYSTEM CONTROL NUMBER | |
| System control number | (OCoLC)122261917 |
| 040 ## - CATALOGING SOURCE | |
| Original cataloging agency | DLC |
| Transcribing agency | DLC |
| Modifying agency | BAKER |
| -- | BTCTA |
| -- | C#P |
| -- | YDXCP |
| -- | DLC |
| 050 00 - LIBRARY OF CONGRESS CALL NUMBER | |
| Classification number | LB 1028 .C742 2008 |
| 100 1# - MAIN ENTRY--PERSONAL NAME | |
| Personal name | Creswell, John W. |
| 245 10 - TITLE STATEMENT | |
| Title | Educational research : |
| Remainder of title | planning, conducting, and evaluating quantitative and qualitative research / |
| Statement of responsibility, etc. | John W. Creswell. |
| 250 ## - EDITION STATEMENT | |
| Edition statement | 3rd ed. |
| 260 ## - PUBLICATION, DISTRIBUTION, ETC. (IMPRINT) | |
| Place of publication, distribution, etc. | Upper Saddle River, N.J. : |
| Name of publisher, distributor, etc. | Pearson/Merrill Prentice Hall, |
| Date of publication, distribution, etc. | c2008. |
| 300 ## - PHYSICAL DESCRIPTION | |
| Extent | xvii, 670 p. : |
| Other physical details | col. ill. ; |
| Dimensions | 26 cm. |
| 504 ## - BIBLIOGRAPHY, ETC. NOTE | |
| Bibliography, etc | Includes bibliographical references (p. 650-658) and indexes. |
| 650 #0 - SUBJECT ADDED ENTRY--TOPICAL TERM | |
| Topical term or geographic name as entry element | Education |
| General subdivision | Research |
| -- | Methodology. |
| 942 ## - ADDED ENTRY ELEMENTS (KOHA) | |
| Source of classification or shelving scheme | |
| Koha item type | Hard Covered Materials |
| Classification part | LB 1028 .C742 2008 |
| Withdrawn status | Lost status | Source of classification or shelving scheme | Damaged status | Not for loan | Home library | Current library | Shelving location | Date acquired | Source of acquisition | Total Checkouts | Full call number | Barcode | Date last seen | Price effective from | Koha item type |
|---|---|---|---|---|---|---|---|---|---|---|---|---|---|---|---|
| MACHAKOS UNIVERSITY LIBRARY | MACHAKOS UNIVERSITY LIBRARY | Technical section | 31/10/2016 | Donation(BFA) | LB 1028 .C742 2008 | 20941 | 08/05/2018 | 31/10/2016 | Hard Covered Materials |